000
00205nam a2200109Ia 4500
100
_a
SINHA/M.R.
942
_c
BK
245
_a
MEETING THE IMPOSSIBLE.
260
_b
#N/A
546
_a
ENGLISH
999
_c
32406
_d
32406